| 000 | 00504cam a22001691 4500 | ||
|---|---|---|---|
| 001 | 000019882 | ||
| 005 | 20200929170157.0 | ||
| 008 | 760220r1952 maua 000 0 eng | ||
| 040 |
_aDO-SdBNP _bspa _cBNPHU |
||
| 082 |
_axxx _bM652d |
||
| 100 | 1 |
_aDe Mille, Agnes. _942422 |
|
| 245 | 1 | 0 |
_aDance to the piper / _cAgnes De Milles. |
| 260 |
_aBoston, : _bLittle, Brown, _c1952. |
||
| 300 |
_a342 p. : _billus. ; _c22 cm. |
||
| 500 | _a"An Atlantic Monthly Press book." | ||
| 910 | _aCatalogación derivada / LC | ||
| 999 |
_c19395 _d19395 |
||